000
00357nam a2200133Ia 4500
008
231129s1968||||xx |||||||||||||| ||spa||
020
_a
84-7634-078-8
082
_a
843.91 B764p.
100
_a
Boulle Pierre.
245
0
_a
El planeta de los simios
260
_c
1968
264
_a
Barcelona: Orbis
942
_2
ddc
_c
BKS
999
_c
12089
_d
12089